Exponiendo falsas creencias. La era de la desinformación y cómo las noticias falsas se propagan, la desinformación sobrevive y alimenta las futuras guerras de la información.
Bewaard in:
| Formaat: | Onbekend |
|---|---|
| Taal: | Engels |
| Gepubliceerd in: |
[Lugar de publicación no identificado]:
Real News Books,
[2022].
|
| Onderwerpen: | |
| Tags: |
Voeg label toe
Geen labels, Wees de eerste die dit record labelt!
|
MARC
| LEADER | 00000 a2200000 4500 | ||
|---|---|---|---|
| 003 | CL-VaPUC | ||
| 005 | 20240117155601.0 | ||
| 008 | 240115s2022 ||||| |||| 00| 0 eng d | ||
| 999 | |c 442486 |d 442484 | ||
| 020 | |a 978-94-93261-79-2 | ||
| 040 | |c Pontificia Universidad Católica de Valparaíso | ||
| 082 | |a 302.231 EXP [2022] |2 22 | ||
| 245 | |a Exponiendo falsas creencias. |b La era de la desinformación y cómo las noticias falsas se propagan, la desinformación sobrevive y alimenta las futuras guerras de la información. | ||
| 246 | |a Exponiendo falsas. | ||
| 260 | |a [Lugar de publicación no identificado]: |b Real News Books, |c [2022]. | ||
| 300 | |a 210 páginas. | ||
| 583 | |k GC |c 20240115 | ||
| 650 | 0 | |9 257206 |a Medios de comunicación |x Noticias falsas (fake news), desinformación, etc. |v Aspectos históricos y científicos | |
| 650 | 0 | |a Redes sociales |x Noticias falsas (fake news), información errónea, etc. |9 887170 | |
| 942 | |2 ddc |c BK | ||
| 952 | |0 0 |1 0 |2 ddc |4 0 |6 302_231000000000000_EXP_2022 |7 0 |8 A |9 593281 |a BIBCUR |b BIBCUR |d 2024-01-11 |e 3 |g 21242.00 |i 5660097 |o 302.231 EXP [2022] |p 5660097 |r 2025-04-22 |t 1 |v 21242.00 |w 2024-01-11 |y BK |k PER | ||